书目信息 |
| 题名: |
矿山应急救援指挥与灾害处理
|
|
| 作者: | 庄绪春 编著 ;黑龙江能源职业学院应急救援研究小组 编著 | |
| 分册: | ||
| 出版信息: | 北京 煤炭工业出版社 2020.01 |
|
| 页数: | 171页 | |
| 开本: | 26cm | |
| 丛书名: | ||
| 单 册: | ||
| 中图分类: | TD77 | |
| 科图分类: | ||
| 主题词: | 矿山救护--kuang shan jiu hu , 矿山事故--kuang shan shi gu--事故处理 | |
| 电子资源: | ||
| ISBN: | 978-7-5020-7846-1 | |
| 000 | 01121nam0 2200265 450 | |
| 001 | 0100015656 | |
| 005 | 20201024210217.0 | |
| 010 | @a978-7-5020-7846-1@dCNY50.00 | |
| 100 | @a20200426d2020 em y0chiy50 ea | |
| 101 | 0 | @achi |
| 102 | @aCN@b110000 | |
| 105 | @aa a 000yy | |
| 106 | @ar | |
| 200 | 1 | @a矿山应急救援指挥与灾害处理@Akuang shan ying ji jiu yuan zhi hui yu zai hai chu li@f编著黑龙江能源职业学院应急救援研究小组 ... [等]@g编著人员庄绪春 ... [等] |
| 210 | @a北京@c煤炭工业出版社@d2020.01 | |
| 215 | @a171页@c图@d26cm | |
| 320 | @a有书目 (第171页) | |
| 330 | @a本书共分8章, 分别为应急指挥与控制、事故现场侦察、控制风流逆转的方法、灭火战术的选择、瓦斯煤尘爆炸事故的处理、煤与瓦斯突出事故的处理、矿井突水事故的处理、突发事件的应对措施。 | |
| 606 | 0 | @a矿山救护@Akuang shan jiu hu |
| 606 | 0 | @a矿山事故@Akuang shan shi gu@x事故处理 |
| 690 | @aTD77@v5 | |
| 701 | 0 | @a庄绪春@Azhuang xu chun@4编著 |
| 711 | 02 | @a黑龙江能源职业学院应急救援研究小组@Ahei long jiang neng yuan zhi ye xue yuan ying ji jiu yuan yan jiu xiao zu@4编著 |
| 801 | 0 | @aCN@c20200426 |
| 905 | @a河南城建学院图书馆@dTD77@f2@eZ930 | |
| 矿山应急救援指挥与灾害处理/编著黑龙江能源职业学院应急救援研究小组 ... [等]/编著人员庄绪春 ... [等].-北京:煤炭工业出版社,2020.01 |
| 171页:图;26cm |
| ISBN 978-7-5020-7846-1:CNY50.00 |
| 本书共分8章, 分别为应急指挥与控制、事故现场侦察、控制风流逆转的方法、灭火战术的选择、瓦斯煤尘爆炸事故的处理、煤与瓦斯突出事故的处理、矿井突水事故的处理、突发事件的应对措施。 |
| ● |
| 相关链接 |
|
|
|
正题名:矿山应急救援指挥与灾害处理
索取号:TD77/Z930
 
预约/预借
| 序号 | 登录号 | 条形码 | 馆藏地/架位号 | 状态 | 备注 |
| 1 | 1497374 | 214973741 | 自科库501/501自科库 21排3列4层/ [索取号:TD77/Z930] | 在馆 | |
| 2 | 1497375 | 214973750 | 自科库501/501自科库 21排3列4层/ [索取号:TD77/Z930] | 在馆 |